Interpreting the Quran (Record no. 13556)
[ view plain ]
| 000 -LEADER | |
|---|---|
| fixed length control field | 00607nam a2200229 a 4500 |
| 020 ## - INTERNATIONAL STANDARD BOOK NUMBER | |
| ISBN | 0415365384 |
| 082 00 - DEWEY DECIMAL CLASSIFICATION NUMBER | |
| Classification number | 297.1227 |
| Author Cutter | SAE |
| 100 ## - MAIN ENTRY--AUTHOR NAME | |
| Author name | Saeed, Abdullah |
| 245 ## - TITLE STATEMENT | |
| Title | Interpreting the Quran |
| Sub title | Towards a Contemporary Approach |
| 260 ## - PUBLICATION, DISTRIBUTION, ETC. (IMPRINT) | |
| Place of publication | London |
| Name of publisher | Routledge Chapman Hall |
| Year of publication | 2006 |
| 300 ## - PHYSICAL DESCRIPTION | |
| Number of Pages | 192p |
| 500 ## - GENERAL NOTE | |
| General note | includes index and biblioraphy |
| 650 ## - SUBJECT ADDED ENTRY--TOPICAL TERM | |
| Topical Term | Quran-Hermeneutics |
| 942 ## - ADDED ENTRY ELEMENTS (KOHA) | |
| Koha item type | Books |
| 700 1# - | |
| -- | Saeed, Abdullah |
| Collection code | Home library | Current library | Date acquired | Cost, normal purchase price | Full call number | Accession Number | Koha item type |
|---|---|---|---|---|---|---|---|
| Henry Martyn Institute Library | Henry Martyn Institute Library | 04/01/2008 | 395.00 | 297.1227 SAE | 022158 | Books |
